Czarny bóg

Bibliographic Details
Main Author: Rodziewiczówna, Maria, 1864-1944 (Author)
Other Authors: Kajder, Krzysztof (Illustrator)
Format: Book
Language:Polish
PhysicalDescription:114, [1] s. 20 cm [6] obr. príl.
Published: Bochnia [Prowincjonalna Oficyna Wydawnicza] 1991
Subjects:

MARC

LEADER 00000cam a2200000 a 4500
001 vtls001129939
003 SK-MaSNL
005 20260302064432.0
008 240313s1991 pl a 000 j pol
035 |a SNK000072789 
035 |a urn:nbn:sk:snk-amjbjg 
035 |a urn:nbn:sk:snk-am003pzb 
035 |a 66E506F7-A270-4E9C-B4A4-886F3EACCE03 
040 |a SNK  |b slo  |c SNK  |e AACR2 
041 0 |a pol 
044 |a pl  |c PL 
080 |a 884-32  |2 1981 
100 1 |a Rodziewiczówna, Maria,  |d 1864-1944  |4 aut  |9 255018 
245 1 0 |a Czarny bóg  |c Maria Rodziewiczówna 
260 |a Bochnia  |b [Prowincjonalna Oficyna Wydawnicza]  |c 1991  |e [Nitra]  |f [Nitrianske tlačiarne] 
300 |a 114, [1] s.  |c 20 cm  |e [6] obr. príl. 
655 7 |a poľské poviedky  |2 SNKPH  |9 70788 
700 1 |a Kajder, Krzysztof  |4 ill  |9 726544 
954 |a beletria cudzojazyčná (svetová)  |2 lita 
958 |a PL 
958 |a LX 
999 |c 1137621  |d 1139551 
952 |t P60, <04>, [BOOK], {604}  |a SNK  |b SNK  |y VYP  |7 0  |p 17A0330238  |o snkSC 79976 D1  |i snkKSP 5773/91  |0 0  |1 0  |4 0  |d 2002-01-26  |f 1  |l 0  |r 2005-01-01 00:00:00  |w 2026-02-24 
952 |a SNK  |b SNK  |y PREZ  |7 0  |p 17A0945575  |o snkSC 79976   |0 0  |1 0  |4 0  |d 2012-08-09  |l 0  |r 2025-08-11 00:00:00  |w 2026-02-24